000 00226nam a22000857a 4500
008 160905b xxu||||| |||| 00| 0 eng d
100 _9308
_aSarna C.S
245 _aSecondary Mathematics-X
260 _aNew Delhi
_bAPC publication
_c2012
999 _c2968
_d2968